000 02476cam a22006134i 4500
003 PE-LiUPU
005 20250731180051.0
008 140622s2012 mx a grf 001 0 spa d
020 _a9786074817850
035 _a(Sirsi) i9786074817850
040 _aPE-LiUPU
_bspa
_cPE-LiUPU
_erda
041 1 _aspa
_heng
049 _aPRUA
082 0 4 _a515.1
_bS849c
_223
100 1 _aStewart, James,
_eautor.
245 1 0 _aCálculo de varias variables :
_btrascedentes tempranas /
_cJames Stewart; traducción, María del Carmen Rodríguez Pedroza; revisión técnica, Ernesto Filio López [y otros tres].
250 _aSéptima edición.
264 1 _aMéxico :
_bCengage Learning,
_c2012.
300 _avi, 1170 páginas :
_bilustraciones ;
_c27 centímetros
336 _atext
_2rdacontent
337 _aunmediated
_2rdamedia
338 _avolume
_2rdacarrier
504 _aÍndices: páginas A51-A56.
505 0 _aEcuaciones paramétricas y coordenadas polares -- Sucesiones y series infinitas -- Vectores y geometría del espacio -- Funciones vectoriales -- Derivadas parciales -- Integrales múltiples -- Cálculo vectorial -- Ecuaciones diferenciales de segundo orden.
526 _aSEG44
526 _aSEG26
526 _aP159
526 _aP155
526 _aP154
526 _aP153
526 _aP150
526 _aP100
526 _aP31
526 _aP30
526 _aP26
526 _aP25
526 _aP24
526 _aP22
526 _aP15
526 _aP10
526 8 _iPrograma académico :
_5PE-LIPU
534 _pTítulo original :
_tCalculus. early trascendentals.
650 1 4 _aCálculo
_vProblemas, ejercicios, etc.
_95278
650 2 4 _aCálculo diferencial
_xEstudio y enseñanza.
_9173
700 1 _aFilio López, Ernesto,
_erevisor técnico.
700 1 _aRodríguez Pedroza, María del Carmen,
_etraductor.
910 _adbm
942 _2ddc
_cBOOK
949 _a515.33 S79
_wDEWEY
_c1
_i70149
_d2015-11-16
_e2015-11-15
_lCCODEBUL1
_mBUL
_n2
_p60.00
_r0
_sY
_tBOOK
_u2015-7-21
_xFCE
_0COMPRA
_o.STAFF. Colección General
949 _a515.33 S79
_wDEWEY
_c2
_i70150
_d2016-9-5
_e2016-8-31
_lCCODEBUL1
_mBUL
_n2
_p60.00
_r0
_sY
_tBOOK
_u2015-7-21
_xFCE
_0COMPRA
_o.STAFF. Colección General
980 _81
_gALBERTO SANCHEZ Responsable de Automatización
999 _c6507
_d6507